Box Office Decades: 2010s - Statistics

General Stats
  • This quiz has been taken 362 times
  • The average score is 52 of 100
Answer Stats
Year $$$ Movie % Correct
2012 $1.52B The Avengers
96%
2019 $2.79B Avengers: Endgame
89%
2018 $2.05B Avengers: Infinity War
87%
2016 $1.15B Captain America: Civil War
84%
2015 $1.40B Avengers: Age of Ultron
80%
2013 $1.21B Iron Man 3
77%
2015 $2.07B Star Wars: Episode VII - The Force Awakens
77%
2018 $1.34B Black Panther
76%
2014 $714M Captain America: The Winter Soldier
75%
2013 $1.28B Frozen
75%
2010 $623M Iron Man 2
75%
2012 $757M The Amazing Spider-Man
75%
2010 $1.06B Toy Story 3
75%
2014 $773M Guardians of the Galaxy
74%
2017 $855M Thor: Ragnarok
74%
2017 $1.33B Star Wars: Episode VIII - The Last Jedi
73%
2013 $644M Thor: The Dark World
73%
2016 $873M Batman v Superman: Dawn of Justice
71%
2013 $668M Man of Steel
70%
2012 $1.08B The Dark Knight Rises
70%
2019 $1.45B Frozen II
69%
2017 $863M Guardians of the Galaxy Vol. 2
69%
2019 $1.07B Toy Story 4
69%
2010 $870M Inception
68%
2019 $1.07B Star Wars: Episode IX - The Rise of Skywalker
68%
2017 $880M Spider-Man: Homecoming
66%
2017 $822M Wonder Woman
64%
2015 $858M Inside Out
63%
2019 $1.31B Captain Marvel
62%
2014 $773M Interstellar
62%
2015 $1.51B Furious 7
61%
2019 $1.31B Spider-Man: Far From Home
61%
2016 $782M Deadpool
60%
2010 $977M Harry Potter and the Deathly Hallows: Part 1
59%
2019 $1.66B The Lion King
59%
2010 $543M Despicable Me
58%
2011 $1.34B Harry Potter and the Deathly Hallows: Part 2
58%
2018 $1.14B Aquaman
57%
2011 $626M Fast Five
57%
2015 $1.15B Minions
57%
2014 $708M The Amazing Spider-Man 2
57%
2017 $1.23B The Fate of the Furious
57%
2016 $1.05B Rogue One: A Star Wars Story
56%
2013 $970M Despicable Me 2
55%
2013 $788M Fast & Furious 6
55%
2016 $1.02B Finding Dory
55%
2015 $1.67B Jurassic World
55%
2018 $785M Deadpool 2
54%
2017 $1.03B Despicable Me 3
52%
2017 $1.26B Beauty and the Beast
51%
2018 $1.24B Incredibles 2
50%
2018 $1.31B Jurassic World: Fallen Kingdom
50%
2014 $1.10B Transformers: Age of Extinction
50%
2011 $1.12B Transformers: Dark of the Moon
50%
2011 $559M Cars 2
49%
2019 $1.07B Joker
49%
2016 $746M Suicide Squad
48%
2012 $694M The Hunger Games
48%
2011 $694M Mission: Impossible - Ghost Protocol
47%
2019 $1.05B Aladdin
46%
2012 $1.14B Skyfall
46%
2017 $814M Coco
45%
2013 $865M The Hunger Games: Catching Fire
45%
2018 $791M Mission: Impossible - Fallout
44%
2015 $682M Mission: Impossible - Rogue Nation
44%
2014 $755M The Hunger Games: Mockingjay - Part 1
44%
2010 $752M Shrek Forever After
43%
2017 $995M Jumanji: Welcome to the Jungle
42%
2014 $746M X-Men: Days of Future Past
42%
2016 $1.02B Zootopia
42%
2010 $592M Tangled
41%
2012 $1.01B The Hobbit: An Unexpected Journey
41%
2015 $653M The Hunger Games: Mockingjay - Part 2
41%
2010 $494M How to Train Your Dragon
40%
2015 $880M Spectre
39%
2014 $962M The Hobbit: The Battle of the Five Armies
38%
2013 $959M The Hobbit: The Desolation of Smaug
38%
2013 $743M Monsters University
37%
2011 $1.04B Pirates of the Caribbean: On Stranger Tides
37%
2016 $967M The Jungle Book
35%
2010 $1.02B Alice in Wonderland
34%
2013 $748M Gravity
31%
2018 $856M Venom
31%
2019 $801M Jumanji: The Next Level
30%
2012 $746M Madagascar 3: Europe's Most Wanted
30%
2011 $712M The Twilight Saga: Breaking Dawn - Part 1
30%
2015 $630M The Martian
29%
2012 $848M The Twilight Saga: Breaking Dawn - Part 2
28%
2012 $877M Ice Age: Continental Drift
27%
2011 $665M Kung Fu Panda 2
27%
2016 $814M Fantastic Beasts and Where to Find Them
26%
2016 $894M The Secret Life of Pets
26%
2011 $586M The Hangover Part II
25%
2018 $910M Bohemian Rhapsody
24%
2014 $710M Dawn of the Planet of the Apes
21%
2014 $759M Maleficent
21%
2012 $654M Men in Black 3
21%
2010 $698M The Twilight Saga: Eclipse
21%
2018 $654M Fantastic Beasts: The Crimes of Grindelwald
19%
2011 $563M The Smurfs
17%
No matching quizzes found
Score Distribution
Percent of People with Each Score
Percentile by Number Answered
Your Score History
You have not taken this quiz